[Event "Open Est 2015-2016"]
[Site "Aubagne"]
[Date "2016.03.19"]
[Round "8.24"]
[White "Periale, Albert"]
[Black "Herbulot, Thomas"]
[Result "1-0"]
[WhiteElo "1275"]
[BlackElo "1170"]
[PlyCount "131"]
[EventDate "2015.10.10"]
[WhiteTeam "Cercle d'Echecs Aubagnais"]
[BlackTeam "Club Provence Echecs"]

1. e4 e5 2. Nf3 Nf6 3. Nc3 Nc6 4. Bb5 d6 5. d4 Bd7 6. dxe5 Nxe5 7. Bg5 Be7 8.
Bxd7+ Nexd7 9. O-O O-O 10. Re1 Ng4 11. Bxe7 Qxe7 12. Nd5 Qd8 13. c4 Re8 14. b3
Ngf6 15. Qc2 Nxd5 16. exd5 Nf6 17. Rxe8+ Qxe8 18. Re1 Qd7 19. h3 Re8 20. Qb1
Nh5 21. Rxe8+ Qxe8 22. Qf5 g6 23. Qd3 Qe7 24. Qe3 Qxe3 25. fxe3 h6 26. Kf2 Nf6
27. Nd4 a6 28. Kf3 Kg7 29. a4 Nd7 30. g4 Nc5 31. e4 Kf6 32. Ke3 Ke5 33. Nf3+
Kf6 34. Nd4 Nd7 35. h4 Ne5 36. Kf4 g5+ 37. hxg5+ hxg5+ 38. Kg3 c6 39. Nf5 cxd5
40. cxd5 Kg6 41. Nxd6 b6 42. Ne8 Nd3 43. d6 Ne5 44. Nc7 a5 45. Kg2 Kf6 46. Nd5+
Ke6 47. Nxb6 Kxd6 48. Kg3 f6 49. Nd5 Kc5 50. Nxf6 Kb4 51. Nd5+ Kxb3 52. Nb6 Kb4
53. Kf2 Kc5 54. Nd5 Nxg4+ 55. Kf3 Ne5+ 56. Kg3 Kd4 57. Nf6 Kc4 58. Nd5 Kd4 59.
Nf6 g4 60. Kf4 Nc4 61. Nxg4 Nb6 62. e5 Kd5 63. Kf5 Nxa4 64. e6 Kd6 65. Kf6 Nc5
66. e7 1-0

[Event "Open Est 2015-2016"]
[Site "Aubagne"]
[Date "2016.03.19"]
[Round "8.26"]
[White "Belaid, Noa"]
[Black "Rieu, Jean"]
[Result "1-0"]
[WhiteElo "1109"]
[BlackElo "1251"]
[PlyCount "87"]
[EventDate "2015.10.10"]
[WhiteTeam "Club Provence Echecs"]
[BlackTeam "U.S.C.M."]

1. e4 e6 2. d4 b6 3. Nc3 Bb4 4. Nge2 Bb7 5. a3 Bxc3+ 6. Nxc3 Nf6 7. Bd3 Nc6 8.
Be3 h5 9. O-O Ne7 10. Bg5 c5 11. Bxf6 gxf6 12. dxc5 Rg8 13. g3 Ng6 14. Kh1 f5
15. Qxh5 f4 16. Qf3 f5 17. gxf4 Rh8 18. Qg3 Rg8 19. Rg1 Qf6 20. Qg5 Qxg5 21.
Rxg5 O-O-O 22. Rag1 Ne7 23. Rxg8 Nxg8 24. cxb6 axb6 25. Nb5 fxe4 26. Nd6+ Kc7
27. Nxb7 Kxb7 28. Bxe4+ Kb8 29. Bh7 Nf6 30. Rg7 Nxh7 31. Rxh7 Rc8 32. Rxd7 Rxc2
33. Rd6 Rxb2 34. Rxe6 Rxf2 35. Rxb6+ Ka7 36. Rf6 Ra2 37. f5 Rxa3 38. Kg2 Ra2+
39. Kg3 Ra3+ 40. Kg4 Ra1 41. h4 Rg1+ 42. Kf4 Rh1 43. h5 Rh4+ 44. Kg5 1-0

[Event "Open Est 2015-2016"]
[Site "Aubagne"]
[Date "2016.03.19"]
[Round "8.27"]
[White "Frontera, Pierre"]
[Black "Yahia Amar, Pierre"]
[Result "1-0"]
[WhiteElo "1254"]
[BlackElo "1060"]
[PlyCount "58"]
[EventDate "2015.10.10"]
[WhiteTeam "Cercle d'Echecs Aubagnais"]
[BlackTeam "L'Echiquier du Roy René"]

1. c4 Nf6 2. Nc3 e5 3. Nf3 Nc6 4. g3 d6 5. Bg2 Be6 6. d3 h6 7. O-O Be7 8. a3
O-O 9. b4 a6 10. e4 Re8 11. Bb2 Bf8 12. Qd2 a5 13. b5 Nd4 14. Nxd4 exd4 15. Ne2
c5 16. bxc6 bxc6 17. Nxd4 Ng4 18. Nxc6 Qf6 19. Bxf6 Nxf6 20. Nxa5 Rab8 21. Nc6
Rbc8 22. Nd4 Bg4 23. h3 Bh5 24. g4 Bg6 25. f4 Rc5 26. f5 Bh7 27. a4 Ra5 28.
Qxa5 Re5 29. Qc3 h5 1-0

[Event "Open Est 2015-2016"]
[Site "Aubagne"]
[Date "2016.03.19"]
[Round "8.28"]
[White "Masson, Wally"]
[Black "Lognos, Lina"]
[Result "1-0"]
[WhiteElo "1190"]
[BlackElo "1077"]
[PlyCount "65"]
[EventDate "2015.10.10"]
[WhiteTeam "Cercle d'Echecs Aubagnais"]
[BlackTeam "Cercle d'Echecs Aubagnais"]

1. d4 Nf6 2. c4 d5 3. cxd5 Qxd5 4. Nc3 Qa5 5. Bd2 Nc6 6. Nf3 Nd5 7. e4 Nxc3 8.
Bxc3 Qb6 9. Bd3 Bg4 10. d5 Nb4 11. O-O Nxd3 12. Qxd3 O-O-O 13. Ne5 Bh5 14. Qh3+
e6 15. Qxh5 Bc5 16. Nxf7 Rhf8 17. Bxg7 Bxf2+ 18. Rxf2 Rfe8 19. Nxd8 Rxd8 20.
Qg4 Kb8 21. Qh4 Re8 22. dxe6 Qxe6 23. e5 Qg6 24. Rf8 Qc6 25. Qf2 Qe6 26. Rxe8+
Qxe8 27. Re1 Qd7 28. Qf8+ Qc8 29. Qxc8+ Kxc8 30. e6 Kd8 31. Bf6+ Ke8 32. Rd1 c5
33. Rd8# 1-0

[Event "Open Est 2015-2016"]
[Site "Aubagne"]
[Date "2016.03.19"]
[Round "8.30"]
[White "Rando, Mathias"]
[Black "Boudet, Nicole"]
[Result "0-1"]
[WhiteElo "1180"]
[BlackElo "1321"]
[PlyCount "66"]
[EventDate "2015.10.10"]
[WhiteTeam "Club Provence Echecs"]
[BlackTeam "Cercle d'Echecs Aubagnais"]

1. d4 c6 2. Nc3 d5 3. Nf3 Nf6 4. e3 Bf5 5. Nh4 Be6 6. Bd3 Nbd7 7. O-O g6 8. Nf3
Bg4 9. e4 Qa5 10. e5 Ne4 11. Nxe4 dxe4 12. Bxe4 O-O-O 13. Bd2 Qc7 14. Qe1 h6
15. Ba5 b6 16. b4 f5 17. Bd3 Bxf3 18. gxf3 Bg7 19. f4 g5 20. Ba6+ Kb8 21. c4
bxa5 22. bxa5 gxf4 23. Rb1+ Ka8 24. Rb7 Qc8 25. Qb4 Nb8 26. Qxe7 Rd7 27. Qc5
Rxb7 28. Bxb7+ Qxb7 29. Kg2 Bf8 30. Qxf8 Rxf8 31. Kf3 c5+ 32. Kxf4 Qe4+ 33. Kg3
Qg4# 0-1

[Event "Open Est 2015-2016"]
[Site "Aubagne"]
[Date "2016.03.19"]
[Round "8.31"]
[White "Belaid, Myriam"]
[Black "Pentcheff, Julie"]
[Result "0-1"]
[WhiteElo "1399"]
[BlackElo "1010"]
[PlyCount "58"]
[EventDate "2015.10.10"]
[WhiteTeam "Club Provence Echecs"]
[BlackTeam "Cassis Echecs"]

1. e4 c6 2. Nf3 Nf6 3. Bc4 Nxe4 4. c3 Qb6 5. O-O d5 6. Bb3 Bg4 7. h3 Bxf3 8.
Qxf3 Ng5 9. Qd1 Ne6 10. d4 h6 11. Qd3 Ng5 12. Re1 Qc7 13. g3 Nxh3+ 14. Kg2 Ng5
15. Bf4 Qd7 16. Rh1 c5 17. Nd2 c4 18. Qe2 cxb3 19. axb3 Ne6 20. Nf1 Nxf4+ 21.
Kg1 Nxe2+ 22. Kg2 Qf5 23. Re1 Qe4+ 24. Kh2 e6 25. Nd2 Qg6 26. Rxe2 Qh5+ 27. Kg1
Qxe2 28. Kh2 Qxd2 29. Rf1 h5 0-1

[Event "Open Est 2015-2016"]
[Site "Aubagne"]
[Date "2016.03.19"]
[Round "8.32"]
[White "Salvi, Angele"]
[Black "Hristov, Ina"]
[Result "1-0"]
[WhiteElo "1123"]
[BlackElo "1210"]
[PlyCount "133"]
[EventDate "2015.10.10"]
[WhiteTeam "Cercle d'Echecs Aubagnais"]
[BlackTeam "Marseille Passion Echecs"]

1. e4 e5 2. Nf3 Nc6 3. d4 Bd6 4. Nc3 Nf6 5. Be2 exd4 6. Nxd4 Ne5 7. Nf5 Bf8 8.
Be3 d6 9. Qd2 Bxf5 10. exf5 h6 11. O-O-O Be7 12. Nd5 Qd7 13. Nxf6+ Bxf6 14. f4
Nc6 15. g4 O-O 16. h4 b6 17. Bf3 Rab8 18. c3 Na5 19. Qd5 Qa4 20. Bd4 c6 21.
Qxd6 Rbd8 22. Qa3 Qb5 23. Bxf6 gxf6 24. Rxd8 Rxd8 25. Qe7 Rc8 26. Qxf6 Nc4 27.
Rh2 Ne3 28. Rf2 Qc4 29. Qxh6 Rd8 30. Qg5+ Kf8 31. Qxd8+ Kg7 32. Qd4+ Qxd4 33.
cxd4 c5 34. dxc5 bxc5 35. Kd2 Nc4+ 36. Kd3 Nb6 37. Re2 c4+ 38. Kc3 a5 39. b3
cxb3 40. Kxb3 a4+ 41. Kb4 f6 42. Re7+ Kf8 43. Rb7 Nc8 44. Kxa4 Nd6 45. Rb8+ Kf7
46. Bd5+ Ke7 47. h5 Nc8 48. Rxc8 Kd6 49. Be6 Ke7 50. h6 Kd6 51. h7 Ke7 52. h8=Q
Kd6 53. Qh4 Ke7 54. g5 Kd6 55. Ra8 Kc5 56. g6 Kd6 57. Qxf6 Kc5 58. Qf8+ Kd4 59.
Qb4+ Ke3 60. Rh8 Kf3 61. Rh1 Kg3 62. f6 Kf3 63. Rh3+ Kg2 64. Qb2+ Kg1 65. Qh2+
Kf1 66. Bc4+ Ke1 67. Qe2# 1-0

[Event "Open Est 2015-2016"]
[Site "Aubagne"]
[Date "2016.03.19"]
[Round "8.33"]
[White "Tramarin, Matteo"]
[Black "Periale, Francine"]
[Result "1-0"]
[WhiteElo "1099"]
[BlackElo "1146"]
[PlyCount "75"]
[EventDate "2015.10.10"]
[WhiteTeam "Cercle d'Echecs Aubagnais"]
[BlackTeam "Cercle d'Echecs Aubagnais"]

1. e4 c5 2. Nc3 Nc6 3. Nf3 d6 4. d4 g6 5. dxc5 Bg7 6. cxd6 exd6 7. Bf4 Bf8 8.
Nb5 Qa5+ 9. c3 d5 10. Qxd5 Nge7 11. Nd6+ Kd7 12. Nxf7+ Ke8 13. Nd6+ Kd8 14.
Nxb7+ Ke8 15. Nxa5 Nxd5 16. exd5 Nxa5 17. Bb5+ Kf7 18. Ne5+ Kf6 19. Nd7+ Kf5
20. Nxf8 Rxf8 21. Bd6 Re8+ 22. Bxe8 Ba6 23. Bd7+ Kf6 24. O-O-O Rd8 25. Bb4 Nc4
26. Be6 Re8 27. Rhe1 Bb5 28. b3 a5 29. bxc4 Bxc4 30. Bd7 Rxe1 31. Rxe1 axb4 32.
Re6+ Kf5 33. Rc6+ Ke5 34. Rxc4 Kxd5 35. Rxb4 Kc5 36. a4 Kd6 37. a5 Kxd7 38. a6
1-0

[Event "Open Est 2015-2016"]
[Site "Aubagne"]
[Date "2016.03.19"]
[Round "8.34"]
[White "Pegon, Claude"]
[Black "Catanese, Sauveur"]
[Result "1-0"]
[WhiteElo "1090"]
[BlackElo "1130"]
[PlyCount "83"]
[EventDate "2015.10.10"]
[WhiteTeam "La Ciotat Echecs (LCE)"]
[BlackTeam "Cercle d'Echecs Aubagnais"]

1. f4 d5 2. Nf3 c5 3. e3 Nc6 4. b3 Nf6 5. Bb2 Bd7 6. Bd3 e6 7. O-O Be7 8. Qe1
O-O 9. Qh4 g6 10. Qh6 Re8 11. g4 Bf8 12. Qh3 Nb4 13. Nc3 Nxd3 14. cxd3 Re7 15.
Ne2 Bg7 16. Ng3 Bb5 17. g5 Bxd3 18. Rfc1 Nd7 19. Bxg7 Kxg7 20. Qh6+ Kh8 21. Ne5
Nxe5 22. fxe5 b6 23. h4 Qf8 24. Kf2 Qxh6 25. gxh6 Ree8 26. Rc3 Bb5 27. Rh1 Bc6
28. h5 d4 29. exd4 Bxh1 30. Nxh1 cxd4 31. Rc7 Rf8 32. hxg6 fxg6+ 33. Ke2 Rfd8
34. Kd3 g5 35. Ng3 Rf8 36. Ke2 a5 37. Ne4 Rf4 38. Nf6 Rxf6 39. exf6 Rf8 40. Kd3
e5 41. f7 g4 42. Re7 1-0

[Event "Open Est 2015-2016"]
[Site "Aubagne"]
[Date "2016.03.19"]
[Round "8.35"]
[White "Mauger, Renaud"]
[Black "Auguste, Yvan"]
[Result "1-0"]
[WhiteElo "1399"]
[BlackElo "1050"]
[PlyCount "83"]
[EventDate "2015.10.10"]
[WhiteTeam "Cercle d'Echecs Aubagnais"]
[BlackTeam "Cercle d'Echecs Aubagnais"]

1. e4 e5 2. Bc4 a6 3. a4 b5 4. Bb3 c6 5. a5 c5 6. d3 Qc7 7. c3 c4 8. Bc2 Nc6 9.
Nf3 Nxa5 10. Nbd2 Nb7 11. O-O Bd6 12. b3 b4 13. Ra4 a5 14. cxb4 Bxb4 15. Nxc4
Ne7 16. Nfxe5 f6 17. Nf3 d5 18. Bd2 Nc6 19. Ne3 d4 20. Nd5 Qd7 21. Nb6 Ra6 22.
Nxd7 Kxd7 23. Re1 g5 24. e5 Rf8 25. exf6 Rxf6 26. Bxg5 Rf5 27. Qa1 Bxe1 28.
Qxe1 Kc7 29. Rxd4 Rc5 30. Bd1 Rc1 31. Rh4 Bf5 32. g4 Bxd3 33. Qd2 Rc5 34. Qxd3
a4 35. Qxa6 axb3 36. Rxh7+ Kd6 37. Qxb7 Rc3 38. Bxb3 Na5 39. Qb6+ Nc6 40. Rh6+
Kd7 41. Be6+ Kd6 42. Bf5+ 1-0

[Event "Open Est 2015-2016"]
[Site "Aubagne"]
[Date "2016.03.19"]
[Round "8.36"]
[White "Sannejan, Thomas"]
[Black "Sid, Alexander"]
[Result "0-1"]
[WhiteElo "1040"]
[BlackElo "1020"]
[PlyCount "46"]
[EventDate "2015.10.10"]
[WhiteTeam "Cercle d'Echecs Aubagnais"]
[BlackTeam "Club Provence Echecs"]

1. d4 d5 2. Nf3 Nc6 3. e3 Bf5 4. Nh4 e6 5. Be2 Bd6 6. Nc3 Nge7 7. Bf3 Be4 8.
Nxe4 dxe4 9. Bxe4 O-O 10. c3 Qd7 11. Qf3 h6 12. b3 a5 13. a4 b6 14. c4 Ra7 15.
d5 exd5 16. cxd5 Nb4 17. Bd2 f5 18. Nxf5 Nxf5 19. Bxf5 Rxf5 20. Qe4 Qf7 21. Ke2
Rxf2+ 22. Kd1 Rf1+ 23. Ke2 Qf2# 0-1

[Event "Open Est 2015-2016"]
[Site "Aubagne"]
[Date "2016.03.19"]
[Round "8.37"]
[White "Naam, Shedy"]
[Black "Soulet, Kylian"]
[Result "0-1"]
[WhiteElo "1070"]
[BlackElo "1030"]
[PlyCount "34"]
[EventDate "2015.10.10"]
[WhiteTeam "Cassis Echecs"]
[BlackTeam "Cassis Echecs"]

1. d4 d5 2. g3 g6 3. Bg5 Bg7 4. Nf3 Nf6 5. Nc3 O-O 6. Bg2 Ng4 7. O-O Bf6 8. Bh3
Bxg5 9. Nxg5 f6 10. Nf3 g5 11. e4 Qe8 12. exd5 Qh5 13. Bxg4 Bxg4 14. h4 Bxf3
15. Qe1 Qg4 16. Qxe7 Qh3 17. Rae1 Qh1# 0-1

[Event "Open Est 2015-2016"]
[Site "Aubagne"]
[Date "2016.03.19"]
[Round "8.38"]
[White "Gianfranceschi, Gerard"]
[Black "Bonino, Cesar"]
[Result "0-1"]
[WhiteElo "1030"]
[BlackElo "1009"]
[PlyCount "75"]
[EventDate "2015.10.10"]
[WhiteTeam "Cercle d'Echecs Aubagnais"]
[BlackTeam "Cassis Echecs"]

1. e4 c6 2. d4 f6 3. Nf3 e5 4. dxe5 fxe5 5. Nxe5 Bd6 6. Nc4 Be7 7. Bd3 Nf6 8.
O-O O-O 9. e5 Ne8 10. Qh5 g6 11. Qg4 d5 12. Qe2 dxc4 13. Bxc4+ Kh8 14. Nc3 Ng7
15. Be3 Ne6 16. b4 Ng5 17. Rfd1 Qe8 18. b5 cxb5 19. Bxb5 Nd7 20. e6 Nxe6 21.
Bd4+ Nxd4 22. Rxd4 Bf6 23. Qd2 Ne5 24. Bxe8 Rxe8 25. Rd6 Nc4 26. Qf4 Be5 27.
Qxc4 Be6 28. Qc5 Rac8 29. Qxe5+ Kg8 30. Rxe6 Rxe6 31. Qxe6+ Kh8 32. Qxc8+ Kg7
33. Re1 Kh6 34. g4 a5 35. Qf8+ Kg5 36. h3 b5 37. Re5+ Kh4 38. Qh6# 0-1

[Event "Open Est 2015-2016"]
[Site "Aubagne"]
[Date "2016.04.23"]
[Round "9.1"]
[White "Telouk, Olivier"]
[Black "Ghazarian, David"]
[Result "1-0"]
[WhiteElo "1876"]
[BlackElo "1551"]
[PlyCount "65"]
[EventDate "2015.10.10"]
[WhiteTeam "Cassis Echecs"]
[BlackTeam "Marseille Echecs"]

1. d4 Nf6 2. c4 g6 3. Nc3 Bg7 4. e4 d6 5. Nf3 O-O 6. Be2 Nbd7 7. O-O e5 8. d5
Nc5 9. Qc2 Ng4 10. h3 Nf6 11. b4 Ncd7 12. Be3 Qe7 13. Nb5 Nb8 14. c5 Nxe4 15.
Qxe4 Bf5 16. Qc4 e4 17. Nfd4 Nd7 18. Nxf5 gxf5 19. Rad1 Ne5 20. Qc1 Kh8 21. Nd4
Nd3 22. Bxd3 exd3 23. Nxf5 Qf6 24. Nxg7 Qxg7 25. Bh6 Qg6 26. Qc3+ f6 27. Bxf8
Rxf8 28. Qxd3 Qg7 29. Qf3 Rg8 30. Rfe1 Qf8 31. Re6 dxc5 32. bxc5 Qxc5 33. Qxf6+
1-0

[Event "Open Est 2015-2016"]
[Site "Aubagne"]
[Date "2016.09.23"]
[Round "9.2"]
[White "Panagiotopoulos, Christos"]
[Black "Cavanihac, Claude"]
[Result "1-0"]
[WhiteElo "1760"]
[BlackElo "1522"]
[PlyCount "129"]
[EventDate "2015.10.10"]
[WhiteTeam "Le Gambit Marseillais"]
[BlackTeam "Cercle d'Echecs Aubagnais"]

1. e4 e5 2. f4 d6 3. Nf3 Nc6 4. Bb5 Bd7 5. O-O Nge7 6. c3 g6 7. d4 exd4 8. cxd4
Bg7 9. Nc3 O-O 10. Be3 a6 11. Bd3 Bg4 12. Bc2 f5 13. Bb3+ Kh8 14. e5 b5 15. h3
Bh5 16. Qe1 Bxf3 17. Rxf3 d5 18. Bc2 Qb8 19. Rd1 Qb6 20. Qe2 Na5 21. b3 Qc6 22.
Bf2 Qe6 23. Qd2 Nb7 24. Ne2 Rac8 25. b4 Qb6 26. Bb3 a5 27. Bh4 Nc6 28. bxa5
Nbxa5 29. Bxd5 Nc4 30. Bxc4 bxc4 31. Qc2 Na5 32. Be7 Rfe8 33. Bc5 Qb7 34. Ra3
Ra8 35. Rb1 Qc6 36. Bb4 Nb7 37. Rxa8 Rxa8 38. Rc1 Qe4 39. Qxe4 fxe4 40. a3 Na5
41. Kf2 Bh6 42. Ke3 g5 43. f5 Bf8 44. Bxf8 Rxf8 45. Kxe4 c6 46. f6 Kg8 47. Ng3
Kf7 48. Nf5 Ke6 49. Nd6 Nb3 50. Rc2 c5 51. d5+ Kd7 52. Nxc4 Nd4 53. Rb2 Kc7 54.
a4 h5 55. g3 g4 56. hxg4 hxg4 57. a5 Nf3 58. Rb5 Ng5+ 59. Kf5 Nf3 60. Rxc5+ Kb7
61. a6+ Kxa6 62. Rc7 Nd4+ 63. Kxg4 Rg8+ 64. Rg7 Rd8 65. f7 1-0

[Event "Open Est 2015-2016"]
[Site "Aubagne"]
[Date "2016.04.23"]
[Round "9.3"]
[White "Auroux, William"]
[Black "Bohli, Adam"]
[Result "0-1"]
[WhiteElo "1362"]
[BlackElo "1639"]
[PlyCount "82"]
[EventDate "2015.10.10"]
[WhiteTeam "Club Provence Echecs"]
[BlackTeam "Marseille Echecs"]

1. Nc3 e5 2. Nf3 Nc6 3. d4 exd4 4. Nxd4 Bc5 5. Nf3 Nf6 6. e4 Ng4 7. Be3 Bxe3 8.
fxe3 Nxe3 9. Qd2 Nb4 10. Bd3 Ng4 11. a3 Nxd3+ 12. cxd3 d6 13. Nd5 c6 14. Ne3
Qb6 15. Nxg4 Bxg4 16. Qf2 Qa5+ 17. Qd2 Qb6 18. Qf2 Qa5+ 19. Qd2 Qxd2+ 20. Kxd2
Kd7 21. h3 Be6 22. Rhf1 Rhf8 23. Ng5 h6 24. Nxe6 fxe6 25. Rf3 Rf6 26. Raf1 Raf8
27. Ke3 e5 28. Rxf6 Rxf6 29. Rxf6 gxf6 30. Kf3 Ke6 31. Kg4 d5 32. Kh5 dxe4 33.
dxe4 f5 34. exf5+ Kxf5 35. Kxh6 e4 36. h4 e3 37. h5 e2 38. Kg7 e1=Q 39. h6 Qe7+
40. Kh8 Kg6 41. h7 Qxh7# 0-1

[Event "Open Est 2015-2016"]
[Site "Aubagne"]
[Date "2016.04.23"]
[Round "9.4"]
[White "Benezra, Esther"]
[Black "Favarel-Lubeigt, Helina"]
[Result "0-1"]
[WhiteElo "1726"]
[BlackElo "1405"]
[PlyCount "34"]
[EventDate "2015.10.10"]
[WhiteTeam "L'Echiquier du Roy René"]
[BlackTeam "L'Echiquier du Roy René"]

1. e4 e6 2. d4 d5 3. Nd2 Nf6 4. e5 Nfd7 5. Bd3 c5 6. c3 Nc6 7. Ne2 cxd4 8. cxd4
f6 9. Nf4 Nxd4 10. Qh5+ Ke7 11. exf6+ Nxf6 12. Ng6+ hxg6 13. Qxh8 Kf7 14. Qh4
e5 15. O-O Qc7 16. Qg3 Bf5 17. Bxf5 Ne2+ 0-1

[Event "Open Est 2015-2016"]
[Site "Aubagne"]
[Date "2016.04.23"]
[Round "9.5"]
[White "Gamblin, Antoine"]
[Black "Sage, Jean-Claude"]
[Result "1-0"]
[WhiteElo "1630"]
[BlackElo "1581"]
[PlyCount "61"]
[EventDate "2015.10.10"]
[WhiteTeam "Marseille Echecs"]
[BlackTeam "Echiquier Marseillais 1872"]

1. e4 e5 2. Nf3 Nc6 3. Bb5 Bc5 4. c3 Nf6 5. O-O O-O 6. d4 Bb6 7. Bg5 d6 8. Bxc6
bxc6 9. dxe5 dxe5 10. Qxd8 Rxd8 11. Nxe5 Rd6 12. Nc4 Re6 13. Nxb6 cxb6 14. f3
Ba6 15. Rd1 h6 16. Bh4 g5 17. Bf2 Nh5 18. Na3 Nf4 19. c4 g4 20. Be3 gxf3 21.
Bxf4 fxg2 22. Kxg2 Rxe4 23. Bxh6 c5 24. Re1 Rd4 25. Re7 Bc8 26. Rae1 Be6 27. b3
Kh7 28. Be3 Rg8+ 29. Kf3 Rdg4 30. Bf4 Rg2 31. R1xe6 1-0

[Event "Open Est 2015-2016"]
[Site "Aubagne"]
[Date "2016.04.23"]
[Round "9.6"]
[White "Cotton, Paul"]
[Black "Strate, Francois"]
[Result "1/2-1/2"]
[WhiteElo "1460"]
[BlackElo "1343"]
[PlyCount "100"]
[EventDate "2015.10.10"]
[WhiteTeam "Cercle d'Echecs Aubagnais"]
[BlackTeam "Sanary Echecs"]

1. Nf3 Nf6 2. g3 g6 3. b3 Bg7 4. Bb2 d6 5. Bg2 c6 6. d3 O-O 7. O-O e5 8. Nbd2
Re8 9. Rb1 Nbd7 10. c4 a5 11. Ng5 Nc5 12. a3 Nh5 13. Nge4 Nxe4 14. Nxe4 f5 15.
Nd2 Nf6 16. Nf3 Nd7 17. Qd2 c5 18. Bc3 Rb8 19. b4 axb4 20. axb4 b6 21. b5 Bb7
22. e3 Nf6 23. Ra1 Ra8 24. Ra2 Rxa2 25. Qxa2 Qe7 26. Ra1 Ra8 27. Qb2 Rxa1+ 28.
Qxa1 Qe8 29. Qa7 Qa8 30. Qxb6 Bxf3 31. Bxf3 Qxf3 32. Qd8+ Kf7 33. Qc7+ Kg8 34.
h3 h5 35. Qxd6 h4 36. Bxe5 Nh5 37. Qxg6 hxg3 38. Bxg3 Qd1+ 39. Kg2 Nxg3 40.
Qxg3 Qxd3 41. Qf4 Bf8 42. h4 Kf7 43. h5 Bd6 44. Qh6 Qe4+ 45. Kf1 Qxc4+ 46. Kg2
Qg4+ 47. Kh1 Qh4+ 48. Kg2 Qg4+ 49. Kh1 Qf3+ 50. Kg1 Qg4+ 1/2-1/2

[Event "Open Est 2015-2016"]
[Site "Aubagne"]
[Date "2016.04.23"]
[Round "9.7"]
[White "Ulloa, Philippe"]
[Black "Gamblin, Vincent"]
[Result "1-0"]
[WhiteElo "1338"]
[BlackElo "1447"]
[PlyCount "175"]
[EventDate "2015.10.10"]
[WhiteTeam "Le Gambit Marseillais"]
[BlackTeam "Marseille Echecs"]

1. d4 d5 2. e3 Nf6 3. c4 e6 4. a3 b6 5. cxd5 exd5 6. h3 g6 7. Bd3 Bg7 8. Nf3
O-O 9. O-O Nbd7 10. Qc2 c5 11. Bb5 Ne4 12. Bc6 Ba6 13. Re1 Rc8 14. Bxd5 Nef6
15. Qa4 Nb8 16. Ba2 b5 17. Qd1 cxd4 18. Nxd4 Qb6 19. Nd2 Rfd8 20. N2f3 Nc6 21.
Rb1 Bb7 22. Qe2 Nxd4 23. Nxd4 a6 24. Bd2 Ne4 25. Red1 Bxd4 26. exd4 Nxd2 27.
Rxd2 Rxd4 28. Qe3 Qc6 29. f3 Rxd2 30. Qxd2 Qc5+ 31. Kh1 Qf5 32. Rf1 Rc2 33.
Qd8+ Kg7 34. Bb1 Rc8 35. Qd4+ Qf6 36. Qd7 Qc6 37. Qd4+ Kg8 38. Be4 Qc4 39. Qxc4
bxc4 40. Bxb7 Rb8 41. Bxa6 Rxb2 42. Ra1 c3 43. Bd3 Rd2 44. Bb1 c2 45. Bxc2 Rxc2
46. a4 Rc6 47. a5 Ra6 48. Kg1 Kf8 49. Kf2 Ke7 50. Ke3 Kd6 51. Kd4 Kc6 52. Kc4
f5 53. f4 Kb7 54. Rb1+ Ka7 55. Rb5 Rc6+ 56. Rc5 Re6 57. Re5 Rc6+ 58. Kb5 Rc2
59. Re7+ Kb8 60. g4 fxg4 61. hxg4 Rf2 62. Re4 h5 63. gxh5 gxh5 64. Re8+ Ka7 65.
Re7+ Kb8 66. Rf7 Rb2+ 67. Kc4 h4 68. Rh7 Rc2+ 69. Kb3 Rc5 70. Kb4 Rf5 71. Rxh4
Ka7 72. Rg4 Ka6 73. Rg6+ Ka7 74. Rg4 Ka6 75. Kc4 Rxa5 76. Rg6+ Kb7 77. Rf6 Kc7
78. Kd4 Kd7 79. Ke4 Ke7 80. Rb6 Kf7 81. Kf3 Rc5 82. Kg4 Ra5 83. f5 Rc5 84. Kg5
Ra5 85. Rb7+ Kf8 86. Kg6 Rd5 87. Rb8+ Ke7 88. f6+ 1-0

[Event "Open Est 2015-2016"]
[Site "Aubagne"]
[Date "2016.04.23"]
[Round "9.8"]
[White "Mineo, Francois"]
[Black "Cureau, Dominique"]
[Result "1-0"]
[WhiteElo "1435"]
[BlackElo "1429"]
[PlyCount "95"]
[EventDate "2015.10.10"]
[WhiteTeam "Cassis Echecs"]
[BlackTeam "Echiquier Marseillais 1872"]

1. e4 Nc6 2. Nf3 d6 3. d4 e6 4. Nc3 Nf6 5. Bg5 Be7 6. Bd3 O-O 7. Qd2 e5 8. d5
Nb4 9. Be2 c6 10. h3 Na6 11. O-O-O Nc5 12. Bd3 cxd5 13. Bxf6 Bxf6 14. Nxd5 Be6
15. Nc3 d5 16. exd5 e4 17. Bxe4 Bxc3 18. Bxh7+ Kxh7 19. Qxc3 Ne4 20. Qd3 Bf5
21. h4 Ng3 22. Ng5+ Kg8 23. Qxg3 Rc8 24. c3 Qd7 25. Qf4 Rc5 26. h5 Rxd5 27.
Rxd5 Qxd5 28. Rd1 Qc5 29. g4 Bc8 30. Ne4 Qe7 31. g5 Be6 32. Nf6+ Kh8 33. Rh1
Qc5 34. Ne4 Qc6 35. Ng3 Bd5 36. Rh2 Re8 37. Qd2 Bb3 38. h6 g6 39. Rh1 Qc7 40.
Qd4+ f6 41. Qxf6+ Kg8 42. h7+ Qxh7 43. Rxh7 Kxh7 44. Kd2 Bd5 45. Qd6 Bc6 46. f4
Rg8 47. f5 gxf5 48. Qh6# 1-0

[Event "Open Est 2015-2016"]
[Site "Aubagne"]
[Date "2016.04.23"]
[Round "9.9"]
[White "Autouard, Jean-Luc"]
[Black "Bui, Christopher"]
[Result "0-1"]
[WhiteElo "1404"]
[BlackElo "1287"]
[PlyCount "58"]
[EventDate "2015.10.10"]
[WhiteTeam "Cercle d'Echecs Aubagnais"]
[BlackTeam "Cercle d'Echecs Aubagnais"]

1. e4 d5 2. exd5 Qxd5 3. Nc3 Qa5 4. Nf3 Nf6 5. Bc4 e6 6. O-O Be7 7. d4 Nbd7 8.
d5 Nb6 9. Bb5+ Bd7 10. Bxd7+ Nfxd7 11. dxe6 fxe6 12. Ng5 Bxg5 13. f4 Bf6 14.
Ne4 O-O 15. Qg4 Bd4+ 16. Kh1 Qf5 17. Qe2 Nc5 18. Ng3 Qd5 19. c3 Bf6 20. Bd2 Bh4
21. Rf3 Bxg3 22. Rxg3 Nc4 23. Rd1 Rad8 24. b4 Ne4 25. f5 Nxg3+ 26. hxg3 Rxf5
27. Re1 Nxd2 28. g4 Rf6 29. Rd1 Qd3 0-1

[Event "Open Est 2015-2016"]
[Site "Aubagne"]
[Date "2016.04.23"]
[Round "9.10"]
[White "Roche, Alain"]
[Black "Yahia Amar, Clement"]
[Result "0-1"]
[WhiteElo "1384"]
[BlackElo "1294"]
[PlyCount "46"]
[EventDate "2015.10.10"]
[WhiteTeam "Echiquier Marseillais 1872"]
[BlackTeam "L'Echiquier du Roy René"]

1. e4 e5 2. Nf3 Nc6 3. Bc4 Bc5 4. c3 d6 5. b4 Bb6 6. h3 Nf6 7. d3 Be6 8. Bxe6
fxe6 9. Qb3 Qd7 10. O-O h6 11. Nfd2 O-O 12. Nc4 Qf7 13. Nxb6 axb6 14. Be3 Kh8
15. Qd1 Nh5 16. b5 Ne7 17. d4 exd4 18. cxd4 Nf4 19. Bxf4 Qxf4 20. Qd3 Qf6 21.
Rc1 Rac8 22. Rc2 c5 23. e5 dxe5 0-1

[Event "Open Est 2015-2016"]
[Site "Aubagne"]
[Date "2016.04.??"]
[Round "9.11"]
[White "Zajaczkowski, Danielle"]
[Black "Reynaud, Jacques"]
[Result "1-0"]
[WhiteElo "1360"]
[BlackElo "1333"]
[PlyCount "61"]
[EventDate "2015.10.10"]
[WhiteTeam "ASPTT Marseille"]
[BlackTeam "Cercle d'Echecs Aubagnais"]

1. d4 Nf6 2. Nf3 c6 3. Bf4 d5 4. e3 Bg4 5. Be2 e6 6. Ne5 Bxe2 7. Qxe2 g6 8. O-O
Bg7 9. h3 O-O 10. c4 Na6 11. a3 Rc8 12. c5 Qe7 13. Nc3 Nh5 14. Bh2 Rfe8 15. Nf3
f6 16. b4 f5 17. b5 Nxc5 18. Be5 Nd7 19. Bxg7 Qxg7 20. a4 c5 21. Rac1 c4 22.
Qa2 e5 23. Nxd5 Qf7 24. Nc3 e4 25. Nd2 f4 26. Ncxe4 Rxe4 27. Nxe4 Qd5 28. Qc2
Re8 29. Nd2 fxe3 30. Qxc4 exf2+ 31. Rxf2 1-0

[Event "Open Est 2015-2016"]
[Site "Aubagne"]
[Date "2016.04.23"]
[Round "9.12"]
[White "San-Nicolas, Robert"]
[Black "Vicari-Vento, Salvatore"]
[Result "1/2-1/2"]
[WhiteElo "1379"]
[BlackElo "1480"]
[PlyCount "71"]
[EventDate "2015.10.10"]
[WhiteTeam "Cercle d'Echecs Aubagnais"]
[BlackTeam "Cercle d'Echecs Aubagnais"]

1. d4 Nf6 2. c4 g6 3. Nc3 Bg7 4. e4 d6 5. f3 O-O 6. Be3 a5 7. Qd2 Nbd7 8. Bh6
e5 9. Bxg7 Kxg7 10. d5 Nc5 11. Be2 Bd7 12. b3 c6 13. Bd1 Rb8 14. Bc2 Ng8 15. g4
Qh4+ 16. Qf2 Qxf2+ 17. Kxf2 Ne7 18. Nh3 h6 19. a3 f5 20. gxf5 gxf5 21. Ng1 fxe4
22. Nxe4 Nxe4+ 23. Bxe4 Bf5 24. Ke3 c5 25. Ne2 Kh8 26. Ng3 Bxe4 27. fxe4 b5 28.
Rab1 Kh7 29. a4 b4 30. Rbf1 Rxf1 31. Rxf1 Kg6 32. h4 h5 33. Nf5 Nxf5+ 34. Rxf5
Rd8 35. Rg5+ Kh6 36. Rf5 1/2-1/2